Наукові записки (Запис № 401068)

МАРК-запис
000 -Лідер
fixed length control field 01965nam a22003017a 4500
001 - Контрольний номер
control field 114839
003 - Ідентифікатор контрольного номера
control field UA-OsUOA
005 - Дата та час останнього входження (трансакції)
control field 20240802111625.0
007 - Фіксоване поле фізичного опису
fixed length control field ta
008 - Елементи даних фіксованої довжини – загальна інформація
fixed length control field 20151123b un ||||| |||| 00| 0 ukr d
020 ## - Міжнародний стандартний книжковий номер (ISBN)
Міжнародний стандартний книжковий номер (ISBN) (НП) 9667631621
040 ## - Джерело каталогізації
Агенція оригінальної каталогізації UA-OsUOA
Мова каталогізації ukr
Агенція, яка здійснювала перезапис UA-OsUOA
Агенція, яка здійснювала модифікацію UA-OsUOA
041 ## - Код мови
Код мови тексту/ звукової доріжки чи окремого заголовка (П) ukr
080 ## - Індекс Універсальної десяткової класифікації
Індекс Універсальної десяткової класифікації (УДК) (НП) 94(477)(082):930.1
090 ## - Локальний шифр розміщення
Класифікаційний індекс УДК 94(477)(082):930.1
Авторський знак (НП) Н34
245 ## - Відомості про назву
Назва (НП) Наукові записки
Решта назви (НП) матеріали міжнародної конференції "Князь Василь-Костянтин Острозький в історії України та Європи" 15–17 жовтня 2008 року
Дані про відповідальність (НП) редкол.: І. Д. Пасічник, Л.-Р. Винар, В. В. Трофимович та ін.
260 ## - Публікація, розповсюдження і т.п. (Вихідні дані)
Місце публікації, розповсюдження і т.п. (П) Острог
Ім’я/ наймення видавництва, розповсюджувача і т.п. (П) Вид-во НаУОА
Дата публікації, розповсюдження і т.п. (П) 2008
300 ## - Фізичний опис
Обсяг 416 с.
490 ## - Область серії
Назва серії Історичні науки
Позначення і номер тому / порядкове позначення вип. 13
520 ## - Резюме і т.п.
Резюме, реферат, анотація, тощо (НП) Збірник підготовлено за матеріалами Міжнародної наукової конференції "Князь Василь-Констянтин Острозький в історії України та Європи". До нього ввійшли статті і матеріали, які стосуються постаті князя Острозького, його ролі в житті українського суспільства та церкви, культурним, соціальним та економічним проблемам ранньомодерної історії України.<br/>Для викладачів, науковців, студентів.
650 #7 - Додаткове предметне введення – тематичний термін
Тематичний термін чи географічна назва, як елемент введення (НП) 94 Історія
Джерело заголовка чи терміна UDC
9 (RLIN) 2466
700 1# - Додаткове введення – ім'я особи
Ім’я особи (НП) Пасічник І. Д.
Термін відношення голов. ред.
9 (RLIN) 1441
700 1# - Додаткове введення – ім'я особи
Ім’я особи (НП) Винар Л.-Р.
Термін відношення голов. ред.
9 (RLIN) 3679
700 1# - Додаткове введення – ім'я особи
Ім’я особи (НП) Трофимович В. В.
Термін відношення відп. ред.
9 (RLIN) 2583
942 ## - Додаткові елементи входу (Коха)
Тип елемента Koha Книги
Source of classification or shelving scheme Universal Decimal Classification
955 ## - Код типу видання за змістом
Код типу видання за змістом (НП) Наукові видання
Фонди
Стан вилучень Стан втрат Джерело класифікації або схеми стелажів Стан уражень Не для кредиту Постійне місце розташування Поточне розміщення Дата придбання Джерело придбання Вартість, звичайна ціна покупки Інвентарний номер Усього замовленно Повний номер виклику Штрих-код Дата останнього перегляду Дата останньої перевірки Ціна ефективна від Тип елемента Koha Код колекції
    Universal Decimal Classification     ЧЗ - Читальна зала ЧЗ - Читальна зала 22/09/2011 116/2011 20.00 134101 2 94(477)(082):930.1 Н34 134101 08/04/2024 04/04/2024 22/09/2011 Книги  
    Universal Decimal Classification     ЧЗ - Читальна зала ЧЗ - Читальна зала 23/11/2015 47/2015 20.00 149732   94(477)(082):930.1 Н34 149732 07/02/2022   23/11/2015 Книги Колекція Кралюка П.М.
    Universal Decimal Classification     ЧЗ - Читальна зала ЧЗ - Читальна зала 13/03/2018 8/2018 20.00 158242   94(082) Н34 158242 06/02/2022   13/03/2018 Книги Колекція Кралюка П.М.